000 00371nam a2200145Ia 4500
008 221030s9999 xx 000 0 und d
041 _aEnglish
082 _a105.23
_bSaw
100 _aA. K. Sawhney
245 0 _aElectrical & Electronics Measurement & Instrumentation
260 _bDhanpat Rai Pub
_aNew Delhi
_c1998
300 _a1542
650 _aECE & EE
942 _cBK
999 _c334
_d334